000 00255nam a22001217a 4500
008 170204b xxu||||| |||| 00| 0 eng d
041 _aeng
080 _a61
100 _a3
101 _aSHM
245 _aTHE BEST OF HEALTH
_cLIPMAN, M.M
942 _2udc
_cBK
999 _c4605
_d4605